| 000 | 00685nam a2200193Ia 4500 | ||
|---|---|---|---|
| 003 | GCL | ||
| 008 | 140319s9999 xx 000 0 ara d | ||
| 040 |
_aGCL / _cGCL |
||
| 082 | 0 | 4 |
_a111.85 _bس ج |
| 100 | 1 | _aسعيد توفيق | |
| 245 | 1 | 0 |
_aجدل حول علمية علم الجمال : دراسات على حدود مناهج البحث العلمى / _cسعيد توفيق |
| 260 |
_aالقاهرة : _bدار الثقافة للنشر والتوزيع ، _c1992 |
||
| 300 |
_a226 ص ؛ _c24سم |
||
| 650 | 0 | 4 | _aالبحث العلمى |
| 650 | 0 | 4 | _aعلم النفس الجمالى |
| 650 | 0 | 4 | _aالتفسيرية |
| 650 | 0 | 4 | _aالجمال - علم |
| 942 |
_2ddc _cBK |
||
| 999 |
_c39487 _d39487 |
||